La recuperación del sistema financiero argentino (Registro nro. 6224)

Detalles MARC
000 -LEADER
fixed length control field 01672 a2200325 4500
001 - CONTROL NUMBER
control field 57697
005 - DATE AND TIME OF LATEST TRANSACTION
control field 20260407155836.0
008 - FIXED-LENGTH DATA ELEMENTS--GENERAL INFORMATION
fixed length control field 260407a2005 arg spa d
003 - CONTROL NUMBER IDENTIFIER
control field AR-UNSa-BCEJYS
040 ## - CATALOGING SOURCE
Original cataloging agency AR-UNSa-BCEJYS
Language of cataloging spa
Transcribing agency AR-UNSa-BCEJYS
080 ## - UNIVERSAL DECIMAL CLASSIFICATION NUMBER
Universal Decimal Classification number 336.13
Common auxiliary subdivision Finanzas del sector público
020 ## - INTERNATIONAL STANDARD BOOK NUMBER
International Standard Book Number 987-22571-0-8
041 ## - LANGUAGE CODE
Language code of text/sound track or separate title spa
100 1# - MAIN ENTRY--PERSONAL NAME
Personal name Magliano, Augusto C.
245 10 - TITLE STATEMENT
Title La recuperación del sistema financiero argentino
264 #1 - PRODUCTION, PUBLICATION, DISTRIBUTION, MANUFACTURE, AND COPYRIGHT NOTICE
Place of production, publication, distribution, manufacture Buenos Aires :
Name of producer, publisher, distributor, manufacturer Grupo Sol Comunicaciones
Date of production, publication, distribution, manufacture, or copyright notice 2005
300 ## - PHYSICAL DESCRIPTION
Extent 206 p.
Dimensions 22 cm.
505 ## - FORMATTED CONTENTS NOTE
Formatted contents note 1. La superación de la crisis bancaria de 2001-2002 y perspectivas de la actividad financiera / Augusto C. Magliano – 2. La recuperación del sistema financiero post-crisis / Miguel Ángel Arrigoni – 3. Los desafíos del sistema financiero / Carlos Heller – 4. El sistema bancario luego de la crisis / Douglas Elespe – 5. La política monetaria de la post-convertibilidad / Augusto C. Magliano – 6. Fortalecimiento del sistema financiero / Gregorio Goity – 7. Público y eficiente / Daniel Perrotta – 8. El caso del Banco Itaú / Rodolfo Corvi – 9. Claros indicadores de un desempeño favorable / Carlos Heller – Leonardo Bleger – 10. Recuperación de la crisis 2001/2002 / Gabriel Coqueugniont – 11. Banco Columbia / Roberto Varela
590 ## - LOCAL NOTE (RLIN)
Local note niveau_biblio:m niveau_hierar:0
700 1# - ADDED ENTRY--PERSONAL NAME
Personal name Arrigoni, Miguel Ángel
700 1# - ADDED ENTRY--PERSONAL NAME
Personal name Heller, Carlos
700 1# - ADDED ENTRY--PERSONAL NAME
Personal name Elespe, Douglas
700 1# - ADDED ENTRY--PERSONAL NAME
Personal name Goity, Gregorio
700 1# - ADDED ENTRY--PERSONAL NAME
Personal name Perrotta, Daniel
700 1# - ADDED ENTRY--PERSONAL NAME
Personal name Corvi, Rodolfo
700 1# - ADDED ENTRY--PERSONAL NAME
Personal name Bleger, Leonardo
700 1# - ADDED ENTRY--PERSONAL NAME
Personal name Coqueugniot, Gabriel
700 1# - ADDED ENTRY--PERSONAL NAME
Personal name Varela, Roberto
942 ## - ADDED ENTRY ELEMENTS (KOHA)
Koha item type
Existencias
Withdrawn status Lost status Damaged status Not for loan Home library Current library Shelving location Date acquired Total checkouts Full call number Barcode Date last seen Price effective from Koha item type
        Biblioteca Prof. Eusebio Cleto del Rey Biblioteca Prof. Eusebio Cleto del Rey   07/04/2026   336.13 M195 L128798 07/04/2026 07/04/2026 Libro